[Event "GER-ch52 final email"]
[Site "GER email"]
[Date "2022.04.15"]
[Round "?"]
[White "Ketelhoehn, Bernd"]
[Black "Koestner, Wolfgang"]
[Result "1/2-1/2"]
[WhiteElo "2370"]
[BlackElo "2367"]
[PlyCount "82"]
[EventDate "2022.??.??"]
[EventType "tourn (corr)"]
[EventRounds "14"]
[EventCountry "GER"]
[SourceTitle "Corr 2024"]
[Source "ChessBase"]
[SourceDate "2023.10.19"]
[SourceVersion "1"]
[SourceVersionDate "2023.10.19"]
[SourceQuality "1"]

1. e4 c5 2. Nf3 d6 3. d4 cxd4 4. Nxd4 Nf6 5. Nc3 a6 6. Be3 Ng4 7. Bg5 h6 8. Bc1 Nf6 9. Bc4 Qc7 10. Bb3 e6 11. f3 b5 12. Be3 Nbd7 13. a3 Rb8 14. 0-0 Nc5 15. Ba2 Be7 16. Kh1 0-0 17. Qd2 Re8 18. Rad1 Bf8 19. b4 Ncd7 20. f4 Nb6 21. e5 Ng4 22. exd6 Qxd6 23. Ne4 Qc7 24. Bg1 Bb7 25. Qe2 Bxe4 26. Qxe4 Nf6 27. Qc6 Rec8 28. Qxc7 Rxc7 29. g4 Nxg4 30. Nxe6 Rxc2 31. Bb1 Rc6 32. Nxf8 Kxf8 33. Bc5+ Kg8 34. Be4 Rf6 35. h3 Re6 36. Bf5 Ne3 37. Bxe6 Nxd1 38. Bxf7+ Kxf7 39. Rxd1 Nc4 40. Rd7+ Kg6 41. Kh2 Nxa3 1/2-1/2

[Event "GER-ch52 final email"]
[Site "GER email"]
[Date "2022.04.15"]
[Round "?"]
[White "Koestner, Wolfgang"]
[Black "Krauss, Heiko"]
[Result "1/2-1/2"]
[WhiteElo "2367"]
[BlackElo "2419"]
[PlyCount "63"]
[EventDate "2022.??.??"]
[EventType "tourn (corr)"]
[EventRounds "14"]
[EventCountry "GER"]
[SourceTitle "Corr 2024"]
[Source "ChessBase"]
[SourceDate "2023.10.19"]
[SourceVersion "1"]
[SourceVersionDate "2023.10.19"]
[SourceQuality "1"]

1. c4 e5 2. Nc3 Nf6 3. Nf3 Nc6 4. g3 Bb4 5. Bg2 0-0 6. 0-0 e4 7. Ng5 Bxc3 8. bxc3 Re8 9. f3 e3 10. d3 d5 11. Qa4 h6 12. cxd5 Nxd5 13. Ne4 f5 14. Nc5 f4 15. Ne4 Rb8 16. Rb1 Re6 17. Kh1 fxg3 18. hxg3 Rg6 19. Kh2 a6 20. f4 b5 21. Qb3 Nce7 22. Bxe3 Be6 23. Bh3 Bxh3 24. Kxh3 Kh7 25. Rf3 Nxe3 26. Rxe3 Nf5 27. Rf3 Qd7 28. Kh2 Re8 29. Qd1 Qd5 30. a4 c5 31. axb5 axb5 32. Qf1 1/2-1/2

[Event "GER-ch52 final email"]
[Site "GER email"]
[Date "2022.04.15"]
[Round "?"]
[White "Schumacher, Frank"]
[Black "Koestner, Wolfgang"]
[Result "1/2-1/2"]
[WhiteElo "2352"]
[BlackElo "2367"]
[PlyCount "82"]
[EventDate "2022.??.??"]
[EventType "tourn (corr)"]
[EventRounds "14"]
[EventCountry "GER"]
[SourceTitle "Corr 2024"]
[Source "ChessBase"]
[SourceDate "2023.10.19"]
[SourceVersion "1"]
[SourceVersionDate "2023.10.19"]
[SourceQuality "1"]

1. d4 Nf6 2. c4 g6 3. Nc3 d5 4. cxd5 Nxd5 5. e4 Nxc3 6. bxc3 Bg7 7. Nf3 c5 8. Rb1 0-0 9. Be2 cxd4 10. cxd4 Qa5+ 11. Bd2 Qxa2 12. 0-0 Bg4 13. Be3 Nc6 14. d5 Bxf3 15. Bxf3 Ne5 16. Rxb7 a5 17. Be2 Rfe8 18. Bc5 a4 19. Bb5 Rec8 20. Bxe7 a3 21. d6 Qe6 22. Ba4 Rcb8 23. Qb1 Qc8 24. Rb3 h5 25. Rd1 Kh7 26. d7 Nxd7 27. Bxd7 Qc4 28. Rxb8 a2 29. Rxa8 axb1Q 30. Rxb1 Qxe4 31. Rab8 Qxe7 32. Bc6 Be5 33. R8b7 Qd6 34. Rxf7+ Kg8 35. Be8 Bxh2+ 36. Kh1 Qd3 37. Rfb7 Be5 38. Bf7+ Kh8 39. Kg1 Qe4 40. Ba2 h4 41. Rf7 Qc2 1/2-1/2

[Event "GER-ch53 V03 email"]
[Site "GER email"]
[Date "2021.04.21"]
[Round "?"]
[White "Koestner, Wolfgang"]
[Black "Andersen, Jens"]
[Result "1/2-1/2"]
[WhiteElo "2068"]
[BlackElo "2071"]
[PlyCount "75"]
[EventDate "2021.04.21"]
[EventType "tourn (corr)"]
[EventRounds "10"]
[EventCountry "GER"]
[SourceTitle "Corr 2024"]
[Source "ChessBase"]
[SourceDate "2023.10.19"]
[SourceVersion "1"]
[SourceVersionDate "2023.10.19"]
[SourceQuality "1"]

1. Nf3 d5 2. g3 Nf6 3. Bg2 e6 4. 0-0 Be7 5. c4 d4 6. e3 Nc6 7. exd4 Nxd4 8. b3 0-0 9. Bb2 Nxf3+ 10. Qxf3 Rb8 11. Qe2 b6 12. d4 Bb7 13. Bxb7 Rxb7 14. Rd1 c6 15. Nd2 b5 16. Rdc1 Qb6 17. Rc2 Rc7 18. Rac1 Rfc8 19. h4 h6 20. Kg2 a5 21. Qf3 Qb7 22. Ba1 a4 23. bxa4 bxa4 24. Rd1 Qa6 25. Nf1 Rb7 26. Ne3 Rcb8 27. d5 cxd5 28. Bxf6 Bxf6 29. cxd5 exd5 30. Nxd5 Bxh4 31. Rc6 Qxc6 32. Ne7+ Bxe7 33. Qxc6 a3 34. Qc4 Rb4 35. Qc3 R4b7 36. Rd5 Bb4 37. Qc4 Bf8 38. Kh3 1/2-1/2

[Event "GER-ch53 V03 email"]
[Site "GER email"]
[Date "2021.04.21"]
[Round "?"]
[White "Schmidt, Volkmar"]
[Black "Koestner, Wolfgang"]
[Result "1/2-1/2"]
[WhiteElo "2111"]
[BlackElo "2068"]
[PlyCount "75"]
[EventDate "2021.04.21"]
[EventType "tourn (corr)"]
[EventRounds "10"]
[EventCountry "GER"]
[SourceTitle "Corr 2024"]
[Source "ChessBase"]
[SourceDate "2023.10.19"]
[SourceVersion "1"]
[SourceVersionDate "2023.10.19"]
[SourceQuality "1"]

1. e4 c5 2. Nf3 d6 3. d4 cxd4 4. Nxd4 Nf6 5. Nc3 a6 6. Be3 e5 7. Nb3 Be7 8. f3 Be6 9. Qd2 h5 10. Nd5 Nxd5 11. exd5 Bf5 12. Be2 a5 13. a4 Nd7 14. 0-0 0-0 15. f4 exf4 16. Bxf4 Rc8 17. c3 Nf6 18. Be3 Be4 19. Rf4 Bg6 20. Qd1 Nd7 21. Bd4 Bg5 22. Rf1 h4 23. h3 Nf6 24. Bd3 Ne4 25. Qc2 f5 26. Bf2 Qe8 27. Bd4 Ra8 28. Rfe1 Qf7 29. c4 Rae8 30. Bb6 Ng3 31. Bf2 Bf6 32. Nd4 Bxd4 33. Bxd4 Bh5 34. c5 f4 35. cxd6 f3 36. Rxe8 Qxe8 37. Qc7 Rf7 38. Qc5 1/2-1/2

[Event "GER-ch52 V10 email"]
[Site "GER email"]
[Date "2020.04.16"]
[Round "?"]
[White "Hildebrand, Gerald"]
[Black "Koestner, Wolfgang"]
[Result "1/2-1/2"]
[WhiteElo "2372"]
[BlackElo "2366"]
[PlyCount "44"]
[EventDate "2020.??.??"]
[EventType "tourn (corr)"]
[EventRounds "10"]
[EventCountry "GER"]
[SourceTitle "Corr 2022"]
[Source "ChessBase"]
[SourceDate "2021.10.24"]
[SourceVersion "1"]
[SourceVersionDate "2021.10.24"]
[SourceQuality "1"]

1. d4 Nf6 2. c4 g6 3. Nc3 d5 4. cxd5 Nxd5 5. e4 Nxc3 6. bxc3 Bg7 7. Be3 c5 8. Qd2 Qa5 9. Rc1 cxd4 10. cxd4 Qxd2+ 11. Bxd2 0-0 12. Nf3 e6 13. Bb5 Nc6 14. Be3 Bd7 15. d5 exd5 16. exd5 Ne5 17. Bxd7 Nxd7 18. 0-0 Nb6 19. Bxb6 axb6 20. Rc7 Rfd8 21. Rd1 Rxa2 22. g3 Ra1 1/2-1/2

[Event "GER-ch52 V10 email"]
[Site "GER email"]
[Date "2020.04.16"]
[Round "?"]
[White "Koestner, Wolfgang"]
[Black "Schmidt, Joerg"]
[Result "1/2-1/2"]
[WhiteElo "2366"]
[BlackElo "2399"]
[PlyCount "45"]
[EventDate "2020.??.??"]
[EventType "tourn (corr)"]
[EventRounds "10"]
[EventCountry "GER"]
[SourceTitle "Corr 2022"]
[Source "ChessBase"]
[SourceDate "2021.10.24"]
[SourceVersion "1"]
[SourceVersionDate "2021.10.24"]
[SourceQuality "1"]

1. Nf3 d5 2. g3 Nf6 3. Bg2 c6 4. 0-0 g6 5. b3 Bg7 6. Bb2 c5 7. c4 d4 8. b4 0-0 9. d3 Re8 10. bxc5 e5 11. Nfd2 Bf8 12. Nb3 Na6 13. c6 Rb8 14. Bc1 Nb4 15. cxb7 Bxb7 16. Bxb7 Rxb7 17. Na3 Nc6 18. Nc2 Qd7 19. f3 Reb8 20. Qd2 Nb4 21. Nxb4 Bxb4 22. Qd1 h5 23. Rb1 1/2-1/2